000
00259nam a2200109Ia 4500
008
200302s9999 xx 000 0 und d
100
_a
Georges Binder
245
_a
Taipei 101
260
_b
The Images Publishing Group Pty Ltd
260
_c
2008
300
_a
200 p
999
_c
4880
_d
4880